|
|
|
|
| LEADER |
01677nam a2200385 a 4500 |
| 001 |
EBC1114637 |
| 003 |
MiAaPQ |
| 005 |
20200520144314.0 |
| 006 |
m o d | |
| 007 |
cr cn||||||||| |
| 008 |
120514s2013 nyua sbf 001 0 eng d |
| 010 |
|
|
|z 2012019572
|
| 020 |
|
|
|z 9780415523516 (hbk alk. paper)
|
| 020 |
|
|
|a 9780203120958 (electronic bk.)
|
| 035 |
|
|
|a (MiAaPQ)EBC1114637
|
| 035 |
|
|
|a (Au-PeEL)EBL1114637
|
| 035 |
|
|
|a (CaPaEBR)ebr10650279
|
| 035 |
|
|
|a (CaONFJC)MIL428495
|
| 035 |
|
|
|a (OCoLC)827209052
|
| 040 |
|
|
|a MiAaPQ
|c MiAaPQ
|d MiAaPQ
|
| 050 |
|
4 |
|a G156.5.H47
|b S558 2013
|
| 082 |
0 |
4 |
|a 338.4/791
|2 23
|
| 245 |
0 |
4 |
|a The Routledge handbook of cultural tourism
|h [electronic resource] /
|c edited by Melanie Smith and Greg Richards.
|
| 260 |
|
|
|a New York :
|b Routledge,
|c c2013.
|
| 300 |
|
|
|a xxviii, 416 p. :
|b ill.
|
| 490 |
0 |
|
|a Routledge handbooks
|
| 504 |
|
|
|a Includes bibliographical references and index.
|
| 505 |
0 |
|
|a pt. I. History, philosophy and theory -- pt. II. Politics, policy and economics -- pt. III. Social patterns and trends -- pt. IV. Community and development -- pt. V. Landscapes and destinations -- pt. VI. Regeneration and planning -- pt. VII. The tourist and visitor experience.
|
| 533 |
|
|
|a Electronic reproduction. Ann Arbor, MI : ProQuest, 2015. Available via World Wide Web. Access may be limited to ProQuest affiliated libraries.
|
| 650 |
|
0 |
|a Heritage tourism
|v Handbooks, manuals, etc.
|
| 655 |
|
4 |
|a Electronic books.
|
| 700 |
1 |
|
|a Smith, Melanie.
|
| 700 |
1 |
|
|a Richards, Greg.
|
| 710 |
2 |
|
|a ProQuest (Firm)
|
| 856 |
4 |
0 |
|u https://ebookcentral.proquest.com/lib/matrademy/detail.action?docID=1114637
|z Click to View
|